Dívka v modrém /
Notář dr. Karas vezme k sobě domů do úschovy barokní obraz představující mladou komtesu Blanku. Je jí tak okouzlen, že k ní promlouvá, a dokonce ji i políbí. K jeho úžasu dívka z obrazu vystoupí a nechce se vrátit. Co si ale počne s opuštěným rámem a dívkou z masa a kostí?
Uloženo v:
| Hlavní autor: | |
|---|---|
| Médium: | E-kniha |
| Jazyk: | Czech |
| Vydáno: |
Praha :
Artis,
2023
|
| Tagy: |
Žádné tagy |
| LEADER | 01218nam a22002297i 4500 | ||
|---|---|---|---|
| 001 | 311895 | ||
| 007 | ta | ||
| 008 | 260601s2023 xr ||||| |||| 00| 0 cze d | ||
| 020 | |a 9990003732576 | ||
| 044 | |a xr | ||
| 100 | 1 | |a Achilles de la Cámara, Felix |4 aut | |
| 245 | 1 | 0 | |a Dívka v modrém / |c Achilles de la Cámara, Felix |
| 264 | 1 | |a Praha : |b Artis, |c 2023 | |
| 300 | |a 1 online zdroj (74 stran) | ||
| 336 | |a text |b txt |2 rdacontent | ||
| 337 | |a bez média |b n |2 rdamedia | ||
| 338 | |a online zdroj |b cr |2 rdacarrier | ||
| 520 | 2 | |a Notář dr. Karas vezme k sobě domů do úschovy barokní obraz představující mladou komtesu Blanku. Je jí tak okouzlen, že k ní promlouvá, a dokonce ji i políbí. K jeho úžasu dívka z obrazu vystoupí a nechce se vrátit. Co si ale počne s opuštěným rámem a dívkou z masa a kostí? | |
| 910 | |a RBIT002 | ||
| 998 | |d 373257 |a https://core.palmknihy.cz/api/books/373257/cover?rsl16w |b https://core.palmknihy.cz/api/books/373257/cover/400?rsl16w |c https://core.palmknihy.cz/api/books/373257/cover/50?rsl16w |e 2099-12-01 |g 74 |i 9990003732576 |j https://core.palmknihy.cz/api/books/373257/preview.epub |l |q 49 |r 1 |s https://www.palmknihy.cz/kniha/373257 |t ebook |y 2023 |z 1 | ||
| 999 | |d 311893 | ||